|
|
|
|
| LEADER |
00000nam0a2200000 4500 |
| 001 |
328642 |
| 005 |
20231102004101.0 |
| 010 |
|
|
|a 9785971043683
|
| 035 |
|
|
|a (RuTPU)RU\TPU\book\354342
|
| 090 |
|
|
|a 328642
|
| 100 |
|
|
|a 20170221d2017 km y0rusy50 ca
|
| 101 |
0 |
|
|a rus
|
| 102 |
|
|
|a RU
|
| 105 |
|
|
|a a z 001zy
|
| 200 |
1 |
|
|a Парадоксальный мир невозможных фигур и оптических иллюзий
|f Д. Л. Раков, Ю. А. Печейкина
|
| 205 |
|
|
|a 3-е изд., испр.
|
| 210 |
|
|
|a Москва
|c URSS
|c ЛЕНАНД
|d 2017
|
| 215 |
|
|
|a 196 с.
|c ил.
|
| 320 |
|
|
|a Библиогр.: с. 195-196
|
| 330 |
|
|
|a Мы часто употребляем выражение "обман зрения". Но обманывает ли нас зрение? Оказывается, нет. Почему же тогда мы видим оптические иллюзии? Как они возникают? Об этом подробно и доступно рассказывается в настоящей книге. Начинается книга с исторической справки — выясняется, что с оптическими иллюзиями люди знакомы уже очень давно! Глава об общих причинах возникновения иллюзий сменяется описанием конкретных видов иллюзий с иллюстрациями к каждому из них. Большое внимание в книге уделяется так называемым невозмож ным фигурам: их истории, классификации, построению, а также использованию невозможных фигур и оптических иллюзий в изобразительном искусстве, архитектуре, рекламе. Авторы приводят множество примеров использования человеком иллюзий — начиная с завораживающих парящих храмов древней Греции и заканчивая знакомой всем рекламой. В книге, помимо обширного иллюстративного материала, содержится целая галерея работ Д. Л. Ракова, в которых используются невозможные объекты, — она позволяет в полной мере оценить, какой выразительный эффект могут иметь изображения невозможных фигур. Эта красивая и интересная книга поможет понять, как работает наше восприятие, расскажет, каким образом могут существовать невозможные объекты, и подарит несколько часов увлекательного чтения. Начав ее читать, вы не сможете оторваться, пока не прочитаете "Парадоксальный мир невозможных фигур и оптических иллюзий" до конца.
|
| 606 |
1 |
|
|a Зрение
|x Физиология
|2 stltpush
|3 (RuTPU)RU\TPU\subj\11927
|9 38798
|
| 610 |
1 |
|
|a оптические иллюзии
|
| 610 |
1 |
|
|a история
|
| 610 |
1 |
|
|a фигуры
|
| 610 |
1 |
|
|a восприятие
|
| 610 |
1 |
|
|a геометрия
|
| 610 |
1 |
|
|a оттенки
|
| 610 |
1 |
|
|a глаза
|
| 610 |
1 |
|
|a изображения
|
| 675 |
|
|
|a 612.84
|v 3
|
| 700 |
|
1 |
|a Раков
|b Д. Л.
|g Дмитрий Леонидович
|
| 701 |
|
1 |
|a Печейкина
|b Ю. А.
|g Юлия Анатольевна
|
| 801 |
|
1 |
|a RU
|b 63413507
|c 20170221
|
| 801 |
|
2 |
|a RU
|b 63413507
|c 20200124
|g RCR
|
| 942 |
|
|
|c BK
|
| 959 |
|
|
|a 2/20170120
|d 1
|e 259,00
|f ЧЗТЛ:1
|